[Event "Babina Greda active op"]
[Site "Babina Greda"]
[Date "2014.07.27"]
[Round "2"]
[White "Rogic, Davor"]
[Black "Topic, Bozo"]
[Result "1-0"]
[WhiteElo "2555"]
[BlackElo "1994"]
[PlyCount "103"]
[EventDate "2014.07.27"]
[EventType "swiss"]
[EventRounds "9"]
[EventCountry "CRO"]
[SourceTitle "EXT 2016"]
[Source "ChessBase"]
[SourceDate "2015.10.08"]
[SourceVersion "1"]
[SourceVersionDate "2015.10.08"]
[SourceQuality "1"]

1. e4 c5 2. Nf3 e6 3. d4 cxd4 4. Nxd4 a6 5. c4 Nf6 6. Nc3 Be7 7. Be3 Nc6 8. Be2 0-0 9. 0-0 Qc7 10. Rc1 d6 11. f3 Bd7 12. Nd5 exd5 13. cxd5 Rac8 14. dxc6 bxc6 15. Bxa6 Rb8 16. Qe2 Rfe8 17. b3 d5 18. Kh1 dxe4 19. fxe4 Nxe4 20. Qf3 Bf6 21. Bc4 Rbd8 22. a4 Qd6 23. Rcd1 Qe5 24. Bf4 Qa5 25. Ne2 Ng5 26. Qg3 Ne4 27. Qf3 Ng5 28. Qh5 g6 29. Qh6 Be6 30. Rxd8 Qxd8 31. Ng3 Bxc4 32. bxc4 c5 33. h3 Ne6 34. Bc1 Qd4 35. Be3 Qb2 36. Ne4 Bg7 37. Qh4 f5 38. Nxc5 Nxc5 39. Bxc5 Qe2 40. Rb1 Be5 41. Bg1 Qd3 42. Re1 Qc3 43. Bd4 Qa5 44. c5 Qc7 45. Qf2 Re7 46. Qa2+ Kg7 47. Bxe5+ Rxe5 48. Qb2 Kf6 49. c6 g5 50. Qxe5+ Qxe5 51. Rxe5 Kxe5 52. c7 1-0

[Event "Bosnjaci op 14th"]
[Site "Bosnjaci"]
[Date "2009.01.07"]
[Round "7"]
[White "Ivekovic, Bozidar1111"]
[Black "Topic, Bozo"]
[Result "0-1"]
[WhiteElo "1940"]
[BlackElo "2014"]
[PlyCount "48"]
[EventDate "2009.01.03"]
[EventType "swiss"]
[EventRounds "9"]
[EventCountry "CRO"]
[SourceTitle "CBM 128 Extra"]
[Source "ChessBase"]
[SourceDate "2009.03.05"]
[SourceVersion "2"]
[SourceVersionDate "2009.03.25"]
[SourceQuality "1"]

1. e4 c5 2. Nf3 Nc6 3. Bb5 Nd4 4. Nxd4 cxd4 5. 0-0 g6 6. c3 dxc3 7. bxc3 Bg7 8. d4 b6 9. Bb2 Bb7 10. Nd2 Nf6 11. Re1 0-0 12. Bf1 e6 13. c4 Qc7 14. f3 Nh5 15. Nb3 d6 16. Rc1 Rac8 17. Ba3 Rfd8 18. Qd2 Qd7 19. Red1 Qe7 20. e5 Qf8 21. Bxd6 Rxd6 22. exd6 Bh6 23. Qb4 Be3+ 24. Kh1 Ng3+ 0-1

[Event "Bosnjaci op 14th"]
[Site "Bosnjaci"]
[Date "2009.01.06"]
[Round "6"]
[White "Topic, Bozo"]
[Black "Ivekovic, Tihana"]
[Result "1/2-1/2"]
[WhiteElo "2014"]
[BlackElo "1766"]
[PlyCount "76"]
[EventDate "2009.01.03"]
[EventType "swiss"]
[EventRounds "9"]
[EventCountry "CRO"]
[SourceTitle "CBM 128 Extra"]
[Source "ChessBase"]
[SourceDate "2009.03.05"]
[SourceVersion "2"]
[SourceVersionDate "2009.03.25"]
[SourceQuality "1"]

1. d4 Nf6 2. Bg5 e6 3. e3 Be7 4. Bd3 d5 5. Nd2 h6 6. Bh4 Nbd7 7. f4 c5 8. c3 b6 9. Rc1 Bb7 10. Qe2 Ne4 11. Bxe7 Qxe7 12. Ngf3 f5 13. 0-0 0-0 14. a3 Bc6 15. Bb5 Bxb5 16. Qxb5 g5 17. Nxe4 fxe4 18. Ne5 Nxe5 19. fxe5 c4 20. Qc6 Rac8 21. Rxf8+ Rxf8 22. Rf1 Rxf1+ 23. Kxf1 Qf7+ 24. Kg1 Kg7 25. Qc8 h5 26. Qd8 g4 27. Qg5+ Qg6 28. Qxg6+ Kxg6 29. Kf2 h4 30. a4 a5 31. Ke2 Kf7 32. Kd2 Ke7 33. Kc2 Kd7 34. b3 Kc6 35. Kb2 Kd7 36. Ka2 Kc6 37. Ka3 Kd7 38. b4 Kc6 1/2-1/2

[Event "Zupanja op-B 2nd"]
[Site "Zupanja"]
[Date "2008.01.03"]
[Round "1"]
[White "Rosic, Slavko S"]
[Black "Topic, Bozo"]
[Result "1-0"]
[WhiteElo "2268"]
[BlackElo "1978"]
[PlyCount "73"]
[EventDate "2008.01.03"]
[EventType "swiss"]
[EventRounds "9"]
[EventCountry "CRO"]
[SourceTitle "CBM 122 Extra"]
[Source "ChessBase"]
[SourceDate "2008.03.04"]
[SourceVersion "1"]
[SourceVersionDate "2008.03.04"]
[SourceQuality "1"]

1. e4 c5 2. Nf3 Nc6 3. d4 cxd4 4. Nxd4 e5 5. Nf5 a6 6. Nd6+ Bxd6 7. Qxd6 Qe7 8. Qd1 Nf6 9. Nc3 Qb4 10. a3 Qd4 11. Bd3 b5 12. Be3 Qd6 13. 0-0 0-0 14. f4 Bb7 15. f5 Rac8 16. Qe1 Ng4 17. Bg5 Ne7 18. Qg3 Nf6 19. Rad1 Kh8 20. Bxb5 Rxc3 21. Rxd6 Rxg3 22. hxg3 Nc8 23. Bxf6 Nxd6 24. Be7 Re8 25. Bxd6 axb5 26. Re1 f6 27. Kf2 Rc8 28. c3 Rc6 29. Bb4 Rc4 30. Kf3 d5 31. exd5 Bxd5+ 32. Kf2 Be4 33. b3 Rxb4 34. axb4 Bxf5 35. c4 Bd3 36. Rd1 bxc4 37. bxc4 1-0